[Event "53rd Women Tournament 2022"]
[Site "Belgrade"]
[Date "2022.03.28"]
[Round "1.1"]
[White "Toncheva, Nadya"]
[Black "Chelushkina, Irina"]
[Result "1/2-1/2"]
[WhiteElo "2207"]
[BlackElo "2183"]
[Annotator "NA"]
[PlyCount "85"]
[EventDate "2022.03.28"]
[EventType "tourn"]
[EventCountry "SRB"]
[SourceTitle "playchess.com"]
[Source "ChessBase"]
[SourceQuality "1"]
[TimeControl "40/5400+30:1800+30"]

1. d4 {[%emt 0:00:02]} e6 {[%emt 0:00:09]} 2. c4 {[%emt 0:00:24]} f5 {[%emt 0:00:12]} 3. Nc3 {[%emt 0:00:21]} Nf6 {[%emt 0:00:06]} 4. e3 {[%emt 0:00:18]} c6 {[%emt 0:00:47]} 5. Nf3 {[%emt 0:01:47]} d5 {[%emt 0:00:11]} 6. Ne5 {[%emt 0:00:37]} Bd6 {[%emt 0:02:39]} 7. f4 {[%emt 0:02:55]} O-O {[%emt 0:00:07]} 8. Be2 {[%emt 0:01:38]} b6 {[%emt 0:04:38]} 9. O-O {[%emt 0:03:45]} Bb7 {[%emt 0:00:07]} 10. b3 {[%emt 0:03:35]} Na6 {[%emt 0:01:21]} 11. Bb2 {[%emt 0:02:07]} Nc7 {[%emt 0:00:42]} 12. Qd3 {[%emt 0:10:31]} Ne4 {[%emt 0:08:52]} 13. Rac1 {[%emt 0:05:29]} Ne8 {[%emt 0:04:27]} 14. Nxe4 {[%emt 0:08:18]} dxe4 {[%emt 0:03:28]} 15. Qc2 {[%emt 0:00:49]} Nf6 {[%emt 0:01:04]} 16. Rfd1 {[%emt 0:04:23]} Qe7 {[%emt 0:02:34]} 17. a4 {[%emt 0:06:51]} a6 {[%emt 0:03:36]} 18. g4 {[%emt 0:12:22]} Rfd8 {[%emt 0:11:23]} 19. g5 {[%emt 0:06:10]} Ne8 {[%emt 0:01:40]} 20. c5 {[%emt 0:06:46]} Bxe5 {[%emt 0:02:15]} 21. dxe5 {[%emt 0:00:03]} b5 {[%emt 0:00:36]} 22. Kf2 {[%emt 0:02:49]} Rd5 {[%emt 0:01:36]} 23. Rxd5 {[%emt 0:01:14]} exd5 {[%emt 0:00:12]} 24. e6 {[%emt 0:04:24]} Bc8 {[%emt 0:10:29]} 25. Qc3 {[%emt 0:02:06]} Bxe6 {[%emt 0:00:47]} 26. Qd4 {[%emt 0:00:49]} Bf7 {[%emt 0:26:45]} 27. h4 {[%emt 0:00:20]} Kf8 {[%emt 0:01:13]} 28. h5 {[%emt 0:01:18]} Bg8 {[%emt 0:00:31]} 29. Ra1 {[%emt 0:03:30]} Ra7 {[%emt 0:03:32]} 30. Bc3 {[%emt 0:04:42]} Qc7 {[%emt 0:04:33]} 31. Bb4 {[%emt 0:01:47]} Bf7 {[%emt 0:01:03]} 32. Kg3 {[%emt 0:01:21]} Qd7 {[%emt 0:02:20]} 33. axb5 {[%emt 0:01:36]} axb5 {[%emt 0:00:05]} 34. Rxa7 {[%emt 0:00:06]} Qxa7 {[%emt 0:00:01]} 35. Bxb5 {[%emt 0:00:09]} Qa2 {[%emt 0:01:35]} 36. Bxc6 {[%emt 0:00:35]} Qe2 {[%emt 0:00:21]} 37. Qd2 {[%emt 0:01:19]} Qf3+ {[%emt 0:00:07]} 38. Kh2 {[%emt 0:00:05]} Qxh5+ {[%emt 0:00:12]} 39. Kg1 {[%emt 0:00:42]} Qg4+ {[%emt 0:00:08]} 40. Kf1 {[%emt 0:00:47]} Qf3+ {[%emt 0:00:51]} 41. Kg1 {[%emt 0:31:26]} Qg3+ {[%emt 0:30:36]} 42. Kf1 {[%emt 0:00:18]} Qf3+ {[%emt 0:00:30]} 43. Kg1 {[%emt 0:00:00]} 1/2-1/2

[Event "53rd Women Tournament 2022"]
[Site "Belgrade"]
[Date "2022.03.28"]
[Round "1.3"]
[White "Lu, Miaoyi"]
[Black "Xu, Yuanyuan"]
[Result "1-0"]
[WhiteElo "2182"]
[BlackElo "2317"]
[Annotator "NA"]
[PlyCount "41"]
[EventDate "2022.03.28"]
[EventType "tourn"]
[EventCountry "SRB"]
[SourceTitle "playchess.com"]
[Source "ChessBase"]
[SourceQuality "1"]
[TimeControl "40/5400+30:1800+30"]

1. e4 {[%emt 0:00:03]} c5 {[%emt 0:01:31]} 2. Nf3 {[%emt 0:00:05]} e6 {[%emt 0:00:24]} 3. d4 {[%emt 0:01:56]} cxd4 {[%emt 0:00:11]} 4. Nxd4 {[%emt 0:00:02]} a6 {[%emt 0:00:46]} 5. Nc3 {[%emt 0:01:34]} Qc7 {[%emt 0:00:48]} 6. Bd3 {[%emt 0:01:11]} Nf6 {[%emt 0:01:33]} 7. f4 {[%emt 0:01:26]} d6 {[%emt 0:00:46]} 8. Qf3 {[%emt 1:28:13]} Be7 {[%emt 0:07:00]} 9. Be3 {[%emt 0:00:00]} O-O {[%emt 0:03:36]} 10. g4 {[%emt 0:00:00]} Nc6 {[%emt 0:02:31]} 11. g5 {[%emt 0:00:00]} Nd7 {[%emt 0:01:54]} 12. O-O-O {[%emt 0:00:00]} b5 {[%emt 0:04:41]} 13. Nxc6 {[%emt 0:02:30]} Qxc6 {[%emt 1:11:19]} 14. Kb1 {[%emt 0:00:00]} Bb7 {[%emt 0:00:30]} 15. Qh3 {[%emt 0:00:00]} Nc5 {[%emt 0:00:30]} 16. Nd5 {[%emt 0:01:30]} Rfe8 {[%emt 0:00:30]} 17. Nf6+ {[%emt 0:00:00]} Bxf6 {[%emt 0:00:00]} 18. gxf6 {[%emt 0:01:00]} e5 {[%emt 0:00:00]} 19. Rhg1 {[%emt 0:00:00]} Ne6 {[%emt 0:00:00]} 20. Rxg7+ {[%emt 0:00:00]} Nxg7 {[%emt 0:00:00]} 21. Qg4 {[%emt 0:00:00]} 1-0

[Event "53rd Women Tournament 2022"]
[Site "Belgrade"]
[Date "2022.03.28"]
[Round "1.4"]
[White "Manakova, Maria"]
[Black "Srdanovic, Jovana"]
[Result "1-0"]
[WhiteElo "2257"]
[BlackElo "2194"]
[Annotator "NA"]
[PlyCount "81"]
[EventDate "2022.03.28"]
[EventType "tourn"]
[EventCountry "SRB"]
[SourceTitle "playchess.com"]
[Source "ChessBase"]
[SourceQuality "1"]
[TimeControl "40/5400+30:1800+30"]

1. e4 {[%emt 0:00:04]} c5 {[%emt 0:00:06]} 2. Nf3 {[%emt 0:00:10]} d6 {[%emt 0:00:07]} 3. d4 {[%emt 0:00:03]} cxd4 {[%emt 0:00:06]} 4. Nxd4 {[%emt 0:00:02]} Nf6 {[%emt 0:00:12]} 5. Nc3 {[%emt 0:00:03]} a6 {[%emt 0:00:06]} 6. Be2 {[%emt 0:00:11]} Nbd7 {[%emt 0:00:11]} 7. f4 {[%emt 0:03:25]} g6 {[%emt 0:00:08]} 8. Bf3 {[%emt 0:10:33]} Bg7 {[%emt 0:01:24]} 9. Be3 {[%emt 0:00:41]} O-O {[%emt 0:01:34]} 10. O-O {[%emt 0:03:26]} e5 {[%emt 0:04:55]} 11. Nb3 {[%emt 0:06:13]} exf4 {[%emt 0:05:43]} 12. Bxf4 {[%emt 0:01:27]} Qb6+ {[%emt 0:01:10]} 13. Kh1 {[%emt 0:00:55]} Ne5 {[%emt 0:00:34]} 14. Qe1 {[%emt 0:14:58]} Be6 {[%emt 0:05:40]} 15. Rd1 {[%emt 0:02:35]} Rac8 {[%emt 0:07:45]} 16. Be2 {[%emt 0:04:59]} Rfe8 {[%emt 0:12:30]} 17. Bg5 {[%emt 0:04:45]} Nfd7 {[%emt 0:07:17]} 18. Qd2 {[%emt 0:02:51]} Nc4 {[%emt 0:21:27]} 19. Bxc4 {[%emt 0:00:45]} Rxc4 {[%emt 0:02:13]} 20. Nd5 {[%emt 0:03:19]} Qa7 {[%emt 0:01:57]} 21. Rde1 {[%emt 0:11:35]} a5 {[%emt 0:13:38]} 22. a4 {[%emt 0:16:40]} b6 {[%emt 0:05:09]} 23. c3 {[%emt 0:10:41]} Qb7 {[%emt 0:02:54]} 24. Nd4 {[%emt 0:00:22]} Bxd4 {[%emt 0:05:07]} 25. cxd4 {[%emt 0:00:08]} Bxd5 {[%emt 0:00:11]} 26. exd5 {[%emt 0:00:04]} Rcc8 {[%emt 0:00:22]} 27. Be7 {[%emt 0:01:49]} Qxd5 {[%emt 0:00:07]} 28. Qf4 {[%emt 0:00:11]} Rc2 {[%emt 0:00:49]} 29. Qg4 {[%emt 0:00:36]} f5 {[%emt 0:00:11]} 30. Qg3 {[%emt 0:00:44]} Qxd4 {[%emt 0:00:47]} 31. Bxd6 {[%emt 0:00:55]} Rxe1 {[%emt 0:00:43]} 32. Rxe1 {[%emt 0:00:11]} Rc8 {[%emt 0:00:40]} 33. Qb3+ {[%emt 0:00:22]} Kg7 {[%emt 0:00:40]} 34. Qe6 {[%emt 0:00:23]} Qxa4 {[%emt 0:00:33]} 35. Be5+ {[%emt 0:00:42]} Kh6 {[%emt 0:00:06]} 36. Bc3 {[%emt 0:01:09]} Rc4 {[%emt 0:00:46]} 37. b3 {[%emt 0:00:27]} Qxb3 {[%emt 0:00:10]} 38. Bd2+ {[%emt 0:00:09]} Kh5 {[%emt 0:00:49]} 39. Qxd7 {[%emt 0:00:05]} h6 {[%emt 0:00:14]} 40. Qh7 {[%emt 0:00:52]} g5 {[%emt 0:00:58]} 41. Qxf5 {[%emt 0:31:30]} 1-0

[Event "53rd Women Tournament 2022"]
[Site "Belgrade"]
[Date "2022.03.28"]
[Round "1.5"]
[White "Navrotescu, Andreea"]
[Black "Benderac, Ana"]
[Result "1-0"]
[WhiteElo "2229"]
[BlackElo "2180"]
[Annotator "NA"]
[PlyCount "85"]
[EventDate "2022.03.28"]
[EventType "tourn"]
[EventCountry "SRB"]
[SourceTitle "playchess.com"]
[Source "ChessBase"]
[SourceQuality "1"]
[TimeControl "40/5400+30:1800+30"]

1. c4 {[%emt 0:00:04]} e5 {[%emt 0:00:17]} 2. Nc3 {[%emt 0:00:06]} Nf6 {[%emt 0:00:24]} 3. Nf3 {[%emt 0:00:09]} Nc6 {[%emt 0:00:31]} 4. e3 {[%emt 0:00:07]} h6 {[%emt 0:02:36]} 5. Qc2 {[%emt 0:07:57]} d6 {[%emt 0:10:34]} 6. a3 {[%emt 0:02:10]} Bg4 {[%emt 0:00:46]} 7. b4 {[%emt 0:03:57]} Qd7 {[%emt 0:04:35]} 8. Bb2 {[%emt 1:20:00]} a5 {[%emt 0:07:53]} 9. b5 {[%emt 0:00:00]} Nd8 {[%emt 0:00:37]} 10. Be2 {[%emt 0:00:00]} Ne6 {[%emt 0:01:38]} 11. h3 {[%emt 0:00:00]} Bh5 {[%emt 0:01:57]} 12. Nd5 {[%emt 0:00:00]} Bg6 {[%emt 0:03:17]} 13. Nxf6+ {[%emt 0:00:00]} gxf6 {[%emt 0:00:08]} 14. Qd1 {[%emt 0:00:00]} a4 {[%emt 0:08:08]} 15. d4 {[%emt 0:00:00]} Rg8 {[%emt 0:00:42]} 16. Nh4 {[%emt 0:00:00]} Ng5 {[%emt 0:03:22]} 17. Nxg6 {[%emt 0:00:00]} Rxg6 {[%emt 0:03:37]} 18. h4 {[%emt 0:00:00]} Ne4 {[%emt 0:05:47]} 19. Bf3 {[%emt 0:00:00]} f5 {[%emt 0:00:05]} 20. h5 {[%emt 0:00:00]} Re6 {[%emt 0:00:54]} 21. g4 {[%emt 0:00:00]} exd4 {[%emt 0:02:36]} 22. gxf5 {[%emt 0:00:00]} Re5 {[%emt 0:02:10]} 23. Bxd4 {[%emt 0:00:00]} Qxf5 {[%emt 0:00:07]} 24. Bxe5 {[%emt 0:00:00]} Qxe5 {[%emt 0:01:13]} 25. Qd4 {[%emt 0:00:00]} Nc5 {[%emt 0:00:05]} 26. Qxe5+ {[%emt 0:00:00]} dxe5 {[%emt 0:00:15]} 27. O-O-O {[%emt 0:00:00]} e4 {[%emt 0:06:15]} 28. Be2 {[%emt 0:00:00]} Be7 {[%emt 0:01:02]} 29. Rhg1 {[%emt 0:00:00]} Kf8 {[%emt 0:00:07]} 30. Kb2 {[%emt 0:00:00]} b6 {[%emt 0:01:34]} 31. Ka2 {[%emt 0:00:00]} Bh4 {[%emt 0:00:52]} 32. Rg2 {[%emt 0:00:00]} Re8 {[%emt 0:00:12]} 33. Rd5 {[%emt 0:00:00]} Re6 {[%emt 0:01:37]} 34. Rh2 {[%emt 0:00:00]} Be7 {[%emt 0:00:35]} 35. Bg4 {[%emt 0:00:00]} Rf6 {[%emt 0:00:24]} 36. Bf5 {[%emt 0:00:00]} c6 {[%emt 0:11:10]} 37. bxc6 {[%emt 0:00:00]} Rxc6 {[%emt 0:00:04]} 38. Rg2 {[%emt 0:00:20]} Nb3 {[%emt 0:03:01]} 39. Bxe4 {[%emt 0:02:42]} Rxc4 {[%emt 0:00:31]} 40. Bh7 {[%emt 0:02:17]} Nc1+ {[%emt 0:00:28]} 41. Kb1 {[%emt 0:33:49]} Bxa3 {[%emt 0:32:33]} 42. Rd7 {[%emt 0:01:20]} Ke8 {[%emt 0:00:57]} 43. Ra7 {[%emt 0:01:32]} 1-0

[Event "53rd Women Tournament 2022"]
[Site "Belgrade"]
[Date "2022.03.29"]
[Round "2.2"]
[White "Srdanovic, Jovana"]
[Black "Navrotescu, Andreea"]
[Result "0-1"]
[WhiteElo "2194"]
[BlackElo "2229"]
[Annotator "TA"]
[PlyCount "102"]
[EventDate "2022.03.28"]
[EventType "tourn"]
[EventCountry "SRB"]
[SourceTitle "playchess.com"]
[Source "ChessBase"]
[SourceQuality "1"]

{[%evp 12,102,-27,-43,-35,-40,-37,-41,-40,-43,-41,-45,-47,-35,-37,-32,-31,-47,-38,-80,-61,-76,-69,-78,-63,-83,-71,-80,-75,-109,-92,-130,-120,-127,-61,-70,-82,-101,-59,-81,-62,-103,-110,-191,-189,-265,-257,-253,-259,-276,-276,-245,-269,-270,-241,-238,-185,-163,-152,-256,-258,-303,-287,-314,-309,-309,-312,-358,-305,-344,-268,-400,-404,-400,-390,-425,-431,-488,-491,-561,-429,-456,-455,-445,-424,-412,-393,-415,-329,-392,-414,-451,-456]} 1. d4 e6 2. c4 Nf6 3. Nf3 Bb4+ 4. Nbd2 O-O 5. g3 d5 6. cxd5 exd5 7. Bg2 c6 {E01: Catalan: Early deviations.} 8. O-O Bf5 {[#]} 9. Nb1 $146 ({Predecessor:} 9. Ne5 Qe7 10. Ndf3 h6 11. Bf4 Nbd7 12. a3 Bd6 13. Nxd7 Nxd7 14. Bxd6 Qxd6 15. b4 {½-½ (81) Bhawoodien,M (2060)-Rego,P (2232) Lisbon 2017}) 9... h6 {Black is slightly better.} 10. a3 Bd6 11. Nc3 Re8 12. Nd2 Nbd7 {[%cal Bb8d7,Bd7f8,Bf8h7,Bh7g5,Bg5e6][%mdl 32]} 13. Re1 Qb6 14. e3 a5 15. Qb3 Qa7 16. Nf1 Nf8 17. Qd1 N8h7 18. f3 Ng5 19. g4 Bd7 {0x0.000cc3c42b71dp-1022s more active pieces.} 20. h4 Ne6 21. Kh1 Rad8 22. Bd2 b5 (22... c5 $17 23. dxc5 Bxc5) 23. b4 a4 24. Ne2 Qc7 25. Rc1 Nf8 {[%cal Of6g4]} 26. g5 Nh5 {[%cal Bf6h5,Bh5f4,Bf4g2][%mdl 32]} 27. f4 {[#]} (27. e4 $17 {was necessary.}) 27... Bg4 $1 $19 {White must now prevent ...Ng6.} 28. Qc2 (28. Bxd5 $142 Bxb4 29. Bxc6 (29. Bxb4 Rxd5 30. Qc2 Bf3+ 31. Kg1 Qd7 $17) (29. Rxc6 $2 Qd7 $19) 29... Bxa3 30. Bxe8 Bxc1 31. Qxc1 Qxc1 32. Bxf7+ Kxf7 33. Nxc1) 28... Bxe2 29. Rxe2 {[#] And now Rf2 would win.} Nxf4 $1 {[%mdl 512]} 30. Rf2 Nxg2 31. Rxg2 hxg5 32. hxg5 Rc8 33. Qf5 Ng6 34. Be1 {Against Nh4} Re4 35. Bg3 (35. Qh3 $17) 35... Rce8 {[%cal Bc8e8,Be8e6,Be6g6][%mdl 32]} 36. Bxd6 Qxd6 37. Rf2 Qe6 38. Qxe6 R8xe6 (38... R4xe6 $2 {loses.} 39. Rf3 $19) 39. Rf3 Ne7 40. Rc2 Rg4 41. Rg2 (41. Rcf2 {might work better.}) 41... Rxg2 42. Kxg2 {[%mdl 4096] Endgame KRN-KRN} Rg6 43. Rg3 Nf5 44. Rg4 f6 45. Kf3 fxg5 46. Nd2 Re6 47. Nf1 Rf6 {Strongly threatening ...Nh6+.} 48. Ke2 Nd6 49. Nd2 Rf5 50. Nf3 Ne4 51. Rg2 Nc3+ {Weighted Error Value: White=0.27 (precise) /Black=0.14 (very precise)} 0-1

[Event "53rd Women Tournament 2022"]
[Site "Belgrade"]
[Date "2022.03.29"]
[Round "2.3"]
[White "Xu, Yuanyuan"]
[Black "Manakova, Maria"]
[Result "0-1"]
[WhiteElo "2317"]
[BlackElo "2257"]
[Annotator "NA"]
[PlyCount "156"]
[EventDate "2022.03.28"]
[EventType "tourn"]
[EventCountry "SRB"]
[SourceTitle "playchess.com"]
[Source "ChessBase"]
[SourceQuality "1"]
[TimeControl "40/5400+30:1800+30"]

1. Nf3 {[%emt 1:31:00]} Nf6 {[%emt 0:05:06]} 2. c4 {[%emt 0:00:00]} g6 {[%emt 0:00:44]} 3. Nc3 {[%emt 0:00:00]} d5 {[%emt 0:01:15]} 4. cxd5 {[%emt 0:00:00]} Nxd5 {[%emt 0:00:05]} 5. h4 {[%emt 0:02:00]} Bg7 {[%emt 1:25:50]} 6. h5 {[%emt 0:00:30]} Nc6 {[%emt 0:00:00]} 7. h6 {[%emt 0:00:30]} Bf6 {[%emt 0:00:00]} 8. Ne4 {[%emt 0:00:30]} e5 {[%emt 0:00:00]} 9. Nxf6+ {[%emt 0:00:00]} Qxf6 {[%emt 0:00:00]} 10. d3 {[%emt 0:01:00]} Qd6 {[%emt 0:00:00]} 11. g3 {[%emt 0:00:30]} f6 {[%emt 0:03:00]} 12. Bg2 {[%emt 0:00:30]} Be6 {[%emt 0:00:30]} 13. Nd2 {[%emt 0:00:30]} f5 {[%emt 0:00:00]} 14. Nc4 {[%emt 0:00:30]} Qd7 {[%emt 0:01:00]} 15. Bg5 {[%emt 0:00:00]} O-O {[%emt 0:00:00]} 16. Rc1 {[%emt 0:01:00]} f4 {[%emt 0:01:00]} 17. Nd2 {[%emt 0:00:30]} fxg3 {[%emt 0:00:00]} 18. fxg3 {[%emt 0:00:30]} Nd4 {[%emt 0:01:00]} 19. Nf3 {[%emt 0:00:30]} Nf5 {[%emt 0:00:00]} 20. Qd2 {[%emt 0:00:00]} Nxg3 {[%emt 0:00:00]} 21. Nxe5 {[%emt 0:01:00]} Qd6 {[%emt 0:00:00]} 22. Nc4 {[%emt 0:00:30]} Qd7 {[%emt 0:00:00]} 23. Rg1 {[%emt 0:00:00]} Bh3 {[%emt 0:02:30]} 24. Bxd5+ {[%emt 0:00:00]} Qxd5 {[%emt 0:00:00]} 25. Qc3 {[%emt 0:00:00]} Nf5 {[%emt 0:01:00]} 26. e4 {[%emt 0:00:00]} Qd4 {[%emt 0:00:00]} 27. Ne3 {[%emt 0:00:00]} Qxc3+ {[%emt 0:00:00]} 28. Rxc3 {[%emt 0:00:53]} Nxe3 {[%emt 0:00:00]} 29. Bxe3 {[%emt 0:00:06]} c6 {[%emt 0:00:00]} 30. d4 {[%emt 0:03:01]} Be6 {[%emt 0:02:30]} 31. a3 {[%emt 0:00:00]} Rae8 {[%emt 0:00:00]} 32. Kd2 {[%emt 0:00:00]} Bd7 {[%emt 0:00:00]} 33. e5 {[%emt 0:00:00]} Be6 {[%emt 0:00:00]} 34. b4 {[%emt 0:00:00]} a6 {[%emt 0:02:00]} 35. Ke2 {[%emt 0:00:38]} Bd5 {[%emt 0:00:00]} 36. Bg5 {[%emt 0:00:11]} Rf5 {[%emt 0:01:00]} 37. Re3 {[%emt 0:02:41]} Bc4+ {[%emt 0:00:30]} 38. Ke1 {[%emt 0:00:00]} b5 {[%emt 0:00:00]} 39. Reg3 {[%emt 0:00:00]} Kf7 {[%emt 0:01:00]} 40. R1g2 {[%emt 0:00:27]} Rf1+ {[%emt 0:00:00]} 41. Kd2 {[%emt 0:31:33]} Ke6 {[%emt 0:28:16]} 42. Rg1 {[%emt 0:00:00]} Rf2+ {[%emt 0:00:00]} 43. Ke3 {[%emt 0:01:00]} Re2+ {[%emt 0:00:00]} 44. Kf3 {[%emt 0:00:30]} Kd5 {[%emt 0:04:14]} 45. Rd1 {[%emt 0:00:30]} Rf8+ {[%emt 0:00:00]} 46. Bf6 {[%emt 0:00:30]} Rh2 {[%emt 0:01:00]} 47. Ke3 {[%emt 0:00:00]} Rf7 {[%emt 0:00:00]} 48. Rgg1 {[%emt 0:01:00]} Rh3+ {[%emt 0:00:00]} 49. Kf4 {[%emt 0:00:00]} Rxh6 {[%emt 0:00:00]} 50. Rh1 {[%emt 0:00:00]} Rxh1 {[%emt 0:00:00]} 51. Rxh1 {[%emt 0:00:00]} Ke6 {[%emt 0:00:00]} 52. Kg5 {[%emt 0:00:00]} Rd7 {[%emt 0:03:00]} 53. Rh4 {[%emt 0:00:00]} Bd3 {[%emt 0:00:00]} 54. Kh6 {[%emt 0:03:00]} Bf5 {[%emt 0:00:00]} 55. Rf4 {[%emt 0:00:30]} Kd5 {[%emt 0:01:30]} 56. Bg7 {[%emt 0:00:00]} Bd3 {[%emt 0:00:00]} 57. Rf8 {[%emt 0:00:00]} g5 {[%emt 0:00:00]} 58. Bf6 {[%emt 0:01:30]} g4 {[%emt 0:00:00]} 59. Bh4 {[%emt 0:00:30]} Bc4 {[%emt 0:00:00]} 60. Rf4 {[%emt 0:00:00]} Be2 {[%emt 0:00:00]} 61. Rf6 {[%emt 0:00:00]} Bd3 {[%emt 0:01:24]} 62. Rf4 {[%emt 0:00:00]} Kc4 {[%emt 0:02:06]} 63. Rxg4 {[%emt 0:00:40]} Rxd4 {[%emt 0:00:00]} 64. Rxd4+ {[%emt 0:00:31]} Kxd4 {[%emt 0:00:00]} 65. e6 {[%emt 0:00:09]} Kc3 {[%emt 0:00:00]} 66. e7 {[%emt 0:00:16]} Bg6 {[%emt 0:00:00]} 67. Kg7 {[%emt 0:01:46]} Kb2 {[%emt 0:00:00]} 68. Bg3 {[%emt 0:00:10]} Kxa3 {[%emt 0:00:08]} 69. Bd6 {[%emt 0:01:28]} Ka4 {[%emt 0:00:42]} 70. e8=Q {[%emt 0:00:00]} Bxe8 {[%emt 0:00:03]} 71. Kxh7 {[%emt 0:00:00]} a5 {[%emt 0:00:08]} 72. bxa5 {[%emt 0:00:00]} Kxa5 {[%emt 0:00:08]} 73. Kh6 {[%emt 0:02:00]} b4 {[%emt 0:01:18]} 74. Kg5 {[%emt 0:00:00]} Kb5 {[%emt 0:00:12]} 75. Kf4 {[%emt 0:00:00]} Kc4 {[%emt 0:00:08]} 76. Ke3 {[%emt 0:00:00]} Kc3 {[%emt 0:04:13]} 77. Ke2 {[%emt 0:00:00]} Bh5+ {[%emt 0:00:00]} 78. Ke3 {[%emt 0:00:00]} b3 {[%emt 0:00:00]} 0-1

[Event "53rd Women Tournament 2022"]
[Site "Belgrade"]
[Date "2022.03.29"]
[Round "2.4"]
[White "Kovacevic, Radmila"]
[Black "Lu, Miaoyi"]
[Result "0-1"]
[WhiteElo "2072"]
[BlackElo "2182"]
[Annotator "TA"]
[PlyCount "58"]
[EventDate "2022.03.28"]
[EventType "tourn"]
[EventCountry "SRB"]
[SourceTitle "playchess.com"]
[Source "ChessBase"]
[SourceQuality "1"]

{[%evp 9,58,-16,-8,-95,-20,-25,0,0,7,16,49,39,43,0,9,1,9,-35,-27,-30,-21,-26,0,-52,-8,-31,-32,-209,-212,-205,-191,-410,-402,-488,-484,-561,-543,-551,-551,-606,-603,-29980,-29981,-29981,-29982,-29982,-29983,-29983,-29984,-29997,-29998]} 1. b3 e5 {[%cal Be7e5,Be5e4][%mdl 32]} 2. Bb2 Nc6 3. Nf3 e4 4. Ne5 Nxe5 5. Bxe5 d5 6. d3 {[#] A01: Nimzowitsch-Larsen Opening.} (6. e3 $11 {remains equal.}) 6... Nf6 $146 (6... e3 $1 $17 {[%cal Re3f2]} 7. fxe3 Nf6) ({Predecessor:} 6... f6 7. Bb2 Bf5 8. dxe4 dxe4 9. Nc3 Bc5 10. e3 c6 11. Qh5+ g6 12. Qh4 g5 {1-0 (52) Leko,G-Toth,V Hrabyne 1996}) 7. e3 $11 Ng4 8. Bc3 {The position is equal.} Qh4 {[%csl Gg4][%cal Rh4f2]} 9. g3 Qg5 10. dxe4 dxe4 11. Qe2 (11. h3 $5 {[%cal Rh3g4]} Nf6 12. Bg2 $14) 11... Bd7 $40 {[%mdl 128] Black has some attack.} 12. h4 Qf5 13. Bh3 h5 {With the idea ...Bb5.} 14. Nd2 Bb5 15. Nc4 Rh6 16. O-O-O ({Better is} 16. O-O $11) 16... Rc6 $15 {[%cal Of8a3]} 17. Rd4 Bc5 18. Rhd1 {[#] White does not recover from this.} ({White should try} 18. Rd2 $15) 18... Bxd4 $19 19. Rxd4 Rd8 20. Qd1 $2 (20. Bxg4 hxg4 21. Rxd8+ Kxd8 22. Qd2+ Kc8 23. Na3) 20... Rxd4 21. Qxd4 Bxc4 22. bxc4 Qxf2 23. Bxg4 hxg4 {[%mdl 4096] Endgame KQR-KQB} 24. Qe5+ Re6 25. Qxc7 Qxe3+ {Black mates.} 26. Bd2 Qg1+ 27. Kb2 Qd4+ 28. Bc3 Rb6+ 29. Kc1 Qe3+ {Weighted Error Value: White=0.69/Black=0.11 (very precise)} 0-1

[Event "53rd Women Tournament 2022"]
[Site "Belgrade"]
[Date "2022.03.29"]
[Round "2.5"]
[White "Toncheva, Nadya"]
[Black "Grozdanovic, Anastasia"]
[Result "1-0"]
[WhiteElo "2207"]
[BlackElo "2005"]
[Annotator "NA"]
[PlyCount "95"]
[EventDate "2022.03.28"]
[EventType "tourn"]
[EventCountry "SRB"]
[SourceTitle "playchess.com"]
[Source "ChessBase"]
[SourceQuality "1"]
[TimeControl "40/5400+30:1800+30"]

1. e4 {[%emt 0:00:02]} c6 {[%emt 0:00:08]} 2. d4 {[%emt 0:00:05]} d5 {[%emt 0:00:11]} 3. Nc3 {[%emt 0:00:03]} dxe4 {[%emt 0:00:16]} 4. Nxe4 {[%emt 0:00:02]} Bf5 {[%emt 0:00:08]} 5. Ng3 {[%emt 0:00:04]} Bg6 {[%emt 0:00:06]} 6. h4 {[%emt 0:00:04]} h6 {[%emt 0:00:25]} 7. Nf3 {[%emt 0:00:05]} Nd7 {[%emt 0:01:01]} 8. Bd3 {[%emt 0:00:04]} Bxd3 {[%emt 0:00:05]} 9. Qxd3 {[%emt 0:00:03]} Qc7 {[%emt 0:00:32]} 10. Bd2 {[%emt 0:00:11]} Ngf6 {[%emt 0:00:55]} 11. Ne4 {[%emt 0:01:10]} e6 {[%emt 0:02:41]} 12. O-O-O {[%emt 0:00:55]} Rd8 {[%emt 0:01:05]} 13. Nxf6+ {[%emt 0:02:55]} Nxf6 {[%emt 0:00:09]} 14. Qe2 {[%emt 0:00:02]} c5 {[%emt 0:08:17]} 15. dxc5 {[%emt 0:15:04]} Bxc5 {[%emt 0:05:49]} 16. Bc3 {[%emt 0:00:27]} Rxd1+ {[%emt 0:09:47]} 17. Rxd1 {[%emt 0:00:16]} O-O {[%emt 0:01:27]} 18. Kb1 {[%emt 0:11:12]} Rd8 {[%emt 0:06:18]} 19. Rxd8+ {[%emt 0:17:36]} Qxd8 {[%emt 0:00:08]} 20. Bxf6 {[%emt 0:00:03]} Qxf6 {[%emt 0:05:05]} 21. a3 {[%emt 0:02:01]} Bb6 {[%emt 0:06:14]} 22. Ka2 {[%emt 0:03:59]} Qg6 {[%emt 0:01:01]} 23. g3 {[%emt 0:02:08]} Qh5 {[%emt 0:01:39]} 24. b4 {[%emt 0:02:31]} a5 {[%emt 0:06:20]} 25. c4 {[%emt 0:03:13]} axb4 {[%emt 0:06:01]} 26. axb4 {[%emt 0:00:06]} Qg4 {[%emt 0:01:24]} 27. Kb3 {[%emt 0:04:19]} Qf5 {[%emt 0:03:50]} 28. Kb2 {[%emt 0:04:23]} Bd8 {[%emt 0:06:28]} 29. Qe3 {[%emt 0:02:25]} Bf6+ {[%emt 0:00:48]} 30. Kc1 {[%emt 0:00:03]} Qg4 {[%emt 0:01:55]} 31. Qd3 {[%emt 0:01:45]} Qh3 {[%emt 0:05:43]} 32. Kd2 {[%emt 0:00:50]} Qh1 {[%emt 0:01:46]} 33. Ne1 {[%emt 0:03:41]} Be7 {[%emt 0:02:12]} 34. c5 {[%emt 0:01:28]} Qc6 {[%emt 0:02:18]} 35. Qd4 {[%emt 0:24:45]} Bf6 {[%emt 0:01:28]} 36. Qc4 {[%emt 0:00:00]} Qd7+ {[%emt 0:02:58]} 37. Ke2 {[%emt 0:00:00]} e5 {[%emt 0:02:57]} 38. Nc2 {[%emt 0:00:00]} Qf5 {[%emt 0:01:07]} 39. Ne3 {[%emt 0:00:00]} Qb1 {[%emt 0:02:05]} 40. b5 {[%emt 0:00:00]} e4 {[%emt 0:03:36]} 41. c6 {[%emt 0:14:43]} bxc6 {[%emt 0:31:43]} 42. bxc6 {[%emt 0:00:06]} Bd8 {[%emt 0:00:20]} 43. Nc2 {[%emt 0:01:53]} Qb6 {[%emt 0:01:28]} 44. Qxe4 {[%emt 0:00:24]} Kf8 {[%emt 0:00:00]} 45. Ne3 {[%emt 0:00:00]} Qb2+ {[%emt 0:00:00]} 46. Kf1 {[%emt 0:00:00]} Bb6 {[%emt 0:00:00]} 47. Kg2 {[%emt 0:00:00]} Qf6 {[%emt 0:00:00]} 48. Qb4+ {[%emt 0:19:24]} 1-0